000 00667nam a2200241Ia 4500
003 IT-RoPAU
008 120407s9999 xx 000 0 und d
040 _aIT-RoPAU
040 _cIT-RoPAU
041 _aita
100 _aAlonso Luis Schòkel
245 _aIl dinamismo della tradizione. Trad. di Gino Manzone
250 _aBrescia
260 _aPaideia
260 _c1970
300 _a285 p.
300 _c21 cm
490 _aBiblioteca di cultura religiosa
490 _v19
600 _a"In testa al front.: Luis Alonso Schòckel 1. Teologia -Saggi I - Manzone Gino 230 BNI 70-9629"
942 _cBK
999 _c31434
_d31434